Cleveland Browns 2021 Roster - Statistics

General Stats
  • This quiz has been taken 224 times
  • The average score is 24 of 38
Answer Stats
Pos. Player % Correct
QB Baker Mayfield
99%
RB Nick Chubb
99%
WR Jarvis Landry
98%
RB Kareem Hunt
94%
DE Myles Garrett
92%
WR Odell Beckham
91%
TE David Njoku
89%
CB Denzel Ward
85%
TE Austin Hooper
84%
WR Donovan Peoples-Jones
83%
WR Rashard Higgins
77%
Coach Kevin Stefanski
75%
QB Case Keenum
73%
OG Wyatt Teller
73%
OT Jedrick Wills
72%
DE Jadeveon Clowney
71%
TE Harrison Bryant
69%
OG Joel Bitonio
69%
S John Johnson
68%
OT Jack Conklin
66%
C JC Tretter
62%
CB Greedy Williams
60%
CB Greg Newsome
59%
S Grant Delpit
55%
LB Sione Takitaki
51%
LB Anthony Walker
49%
S Ronnie Harrison
47%
P Jamie Gillan
45%
LB Mack Wilson
45%
LB Jeremiah Owusu-Koramoah
43%
K Cody Parkey
39%
CB Troy Hill
39%
LB Malcolm Smith
37%
DE Takkarist McKinley
32%
DT Malik Jackson
30%
WR KhaDarel Hodge
25%
DT Andrew Billings
22%
S Sheldrick Redwine
17%
No matching quizzes found
Score Distribution
Percent of People with Each Score
Percentile by Number Answered
Your Score History
You have not taken this quiz